00325 a2200109 4500001001000000005001700010008004100027245005900068100002600127773004500153999001700198ART_4757920260410162041.0260409a 10aLos servicios digitales y los impuestos a los consumos1 aCoronello, Silvina E.0 tImpuestosg- N°36 (sep. 2018)wREV45175 c34912d34912